Početnosť hodinových hodnôt teploty vzduchu a relatívnej vlhkosti vzduchu v Hurbanove

Bibliographic Details
Main Author: Kveták, Štefan (Author)
Format: Article
Language:Slovak
PhysicalDescription:Tb. 24. Grafy 8. Res. angl., rus., lit. 6 zázn. v slov., češ.
Subjects:

MARC

LEADER 00000nab a2200000 a 4500
001 vtls000424891
003 SK-MaSNL
005 20260303182535.0
008 160204c1991 xo 0 slo
015 |a SNBRA19rr/mm-uuuuu 
035 |a CL0425019 
040 |a SNKBUCL  |b slo  |c SNKBUCL  |e AACR2 
041 0 |a slo 
044 |a xo  |c SK 
080 |a 551.524  |2 1981 
080 |a 551.571  |2 1981 
100 1 |a Kveták, Štefan  |4 aut  |9 6510 
245 1 0 |a Početnosť hodinových hodnôt teploty vzduchu a relatívnej vlhkosti vzduchu v Hurbanove  |c Š. Kveták 
300 |b Tb. 24. Grafy 8. Res. angl., rus., lit. 6 zázn. v slov., češ. 
650 0 7 |a vzduch  |2 snkbucl  |9 21193 
650 0 7 |a teplota vzduchu  |2 snkbucl  |9 27028 
650 0 7 |a vlhkosť vzduchu  |2 snkbucl  |9 21547 
655 7 |a články zo zborníkov  |2 snkbucl  |9 166140 
773 0 |t Zborník prác Slovenského hydrometeorologického ústavu  |d Bratislava : Alfa, 1991  |g S. 173-212 
850 |a Slovenská národná knižnica v Martine  |a MTA001 
852 |a SNK  |b KIS3GCP 
958 |a NB 
958 |a RK 
992 |a RZB 
999 |c 2117367  |d 2119297